| 000 | 00773cam a22002653a 4500 | ||
|---|---|---|---|
| 001 | 27613 | ||
| 003 | PGUSA | ||
| 005 | 20140828083610.0 | ||
| 008 | 081225s2008||||xxu|||||s|||||000 1 eng d | ||
| 040 |
_aPGUSA _beng |
||
| 042 | _adc | ||
| 050 | 4 | _aPS | |
| 050 | 4 | _aPZ | |
| 100 | 1 |
_aRaymond, Evelyn, _d1843-1910 |
|
| 245 | 1 | 0 |
_aReels and Spindles : _bA Story of Mill Life _h[electronic resource] / _cEvelyn Raymond |
| 260 |
_bProject Gutenberg, _c2008 |
||
| 506 | _aPublic domain in the USA. | ||
| 516 | _aElectronic text | ||
| 653 | _aMills and mill-work -- Fiction | ||
| 653 | _aGirls -- Conduct of life -- Fiction | ||
| 700 | 1 |
_aMerrill, Frank T., _d1848- |
|
| 830 | 0 |
_aProject Gutenberg _v27613 |
|
| 856 | 4 | 0 | _uhttp://www.gutenberg.org/ebooks/27613 |
| 942 | _cEB | ||
| 999 |
_c256868 _d256868 |
||